000 00218nam a22001097a 4500
999 _c533683
_d533683
040 _cdlc
082 _a823.914
100 _aAndrew O' Hayan
_927646
245 _aOur Father 's
300 _a282;pxv
942 _2ddc
_cBK